| 000 | 01981nam a2200265 4500 | ||
|---|---|---|---|
| 005 | 20210707150132.0 | ||
| 008 | 160802b1915 ck |||fr|||| 001 0 spa d | ||
| 040 |
_aCO-BoUCM _bspa _cSandra Yazo _dSandra Yazo |
||
| 041 | 0 | _aspa | |
| 082 | 0 | 4 | _220 |
| 092 | _aE40N117 | ||
| 100 | 1 |
_aCuervo Márquez, Luis _978432 |
|
| 245 | 1 | 0 |
_aGeografía médica y patología de Colombia _bContribución al estudio de la enfermedades intertropicales _cpor el Dr. Luis Cuervo Márquez |
| 260 |
_aBogotá - Nueva York _bLibrería Colombiana Camacho Roldan y Tamayo _bThe Trow Press imprenta y encuadernador _c1915 |
||
| 300 |
_a208 páginas _c24 x 16 cm |
||
| 500 | _aDetalles físicos: Encuadernación rígida en cartón forrado en tela texturizada, tapas con recuadros repujados, lomo con letras en dorado. Guardas, la delantera incluye un mapa con referencias en inglés y anotación manuscrita. Anteportada. Portada impresa en una sola tinta. Texto en una sola columna con notas al pie de página, algunos cuadros y tablas entre el texto, fotografía en pág. 208. Ejemplar en buen estado de conservación. Perteneció a la biblioteca de Mons. Rafael María Carrasquilla | ||
| 505 | 0 | _aIntroducción ; Geografía física: Situación astronómica ; Orografía – Andes ; Altiplanicies ; Hidrografía ; Vertiente Atlántica, Noreste, Oriental ; Llanuras ; Geología de Colombia – Climatología -- Etnografía -- Nosología: Paludismo ; Filariosis ; Endemias producidas por gusanos intestinales ; Endemias trasmitidas por otros insectos ; Enfermedades eruptivas ; Enfermedades por Agentes físicos | |
| 506 | _aConsulta en sala | ||
| 650 | 7 |
_974051 _aGeografía médica _x Historia _z Colombia |
|
| 650 | 7 |
_97563 _aEnfermedades _zColombia |
|
| 650 | 7 |
_919200 _aMedicina _xHistoria _y1915 _zColombia |
|
| 690 |
_aMedicina general _919160 |
||
| 856 |
_uhttp://bibliotecavirtual.ranm.es/ranm/es/consulta/registro.cmd?id=91 _zDisponible en línea |
||
| 942 |
_2LOCAL _cLIBRO _e1 _hE40N117 |
||
| 999 |
_c303903 _d303903 |
||